Dizionario del malcostume /

সংরক্ষণ করুন:
গ্রন্থ-পঞ্জীর বিবরন
প্রধান লেখক: Tedeschi, Mario, (1924-1993) (লেখক)
বিন্যাস: গ্রন্থ
ভাষা:ইতালিয়
প্রকাশিত: Milano : Edizioni del Borghese, stampa 1963
সংস্করন:3. ed
মালা:I libri del Borghese ; 8
বিষয়গুলি:
ট্যাগগুলো: ট্যাগ যুক্ত করুন
কোনো ট্যাগ নেই, প্রথমজন হিসাবে ট্যাগ করুন!

MARC

LEADER 00000nam a22000007i 4500
001 IT\ICCU\IEI\0159785
003 ItRI
005 20250711191731.0
008 010124s1963 it |||||| ||||| |||||c
040 |b ita  |c ct 
041 7 |a ita  |2 ISO-639-2 
100 1 |a Tedeschi, Mario,  |d  (1924-1993)  |0 IT\ICCU\IEIV\069859  |4 aut 
240 1 0 |a Dizionario del malcostume.  |9 Tedeschi, Mario <1924-1993> 
245 1 0 |a Dizionario del malcostume /  |c Mario Tedeschi. 
250 |a 3. ed 
260 |a Milano :  |b Edizioni del Borghese,  |c stampa 1963 
300 |a 252 p. ;  |c 20 cm. 
650 7 |a CORRUZIONE POLITICA  |x ITALIA  |x 1945-1963  |x DIZIONARI  |2 scbi 
830 2 |a I libri del Borghese ;  |v 8  |0 IT\ICCU\RAV\0104257 
942 |2 ddc  |c BK 
952 |0 0  |1 0  |2 ddc  |4 0  |6 B_SPL10TEDMAMAL11  |7 0  |9 4605  |a MI  |b MI  |d 1987-06-13  |i 206  |l 0  |o B-SPL10-TEDMA-MAL11  |p CDOM206  |r 2025-07-04 21:34:30  |w 2025-07-04  |x ACQUISTO  |y BK 
981 1 |6 z01  |a i   |b xxxe  
982 1 |6 z01  |a n 
999 |c 4037  |d 4037